000 00430nam a2200181Ia 4500
001 13341
005 20260306164754.0
008 260306t2000||||xx |||||||||||||| ||spa||
041 _aESP
082 _a001.42
_bT21
100 _aTapia Fernández, Abel
_eAUT
245 0 _aLa investigación científica
260 _c2000
300 _a247 páginas :
_c22 cm.
650 _aGEN
654 _aCHU
942 _cLIB
_dJUS
_fJUS
_2ddc
_n
999 _c13341
_d13341